LEADER 00680nam a2200205 i 4500 001 000000147122 003 CaOOAMICUS 005 20220523114654.0 008 060124s1964 it u000 u ita u 013 $a124114 040 $aSeMil$bita 100 1 $aGoldoni, Carlo,$d<1707-1793>.$0(OLS)http://semarc/name/457 245 10$aVol. 2. 300 $a568 p. 773 0 $aGoldoni, Carlo <1707-1793>$tCommedie.$dFirenze : Salani, 1964.$kGrandi classici$w()15157 850 $aSeMil 852 $aSeMil$W1$xVenegono$y1$m1B I 166$j99708$B99708$CSeMilBibl$Z2$F108197 $81 961 $aOmaggio: Oneta don Marco 996 $6245$aVol. 2$9(OLS)http://semarc/title/13458 LEADER 00434nab a2200145 i 4500 001 000000312260 003 CaOOAMICUS 005 20190529125115.0 008 180831n xx uu u0 0und r 013 $a21352 040 $aSeMil$bita 245 13$aLa riforma della pronuncia del latino. 773 0 $t[Gennaio-Aprile].$g452-455$w()274202 996 $6245$aLa riforma della pronuncia del latino$9(OLS)http://semarc/title/386715